| 000 | 00672cam a2200241 4500500 | ||
|---|---|---|---|
| 005 | 20260329003246.0 | ||
| 041 | _afre | ||
| 042 | _adc | ||
| 100 | 1 | 0 |
_aNassif, Philippe _eauthor |
| 245 | 0 | 0 | _aIvan Illich. La mesure du présent |
| 260 | _c2015. | ||
| 500 | _a66 | ||
| 690 | _aDécroissance | ||
| 690 | _aIvan Illich | ||
| 690 | _aLimite | ||
| 690 | _amesure | ||
| 690 | _aOlivier Rey | ||
| 690 | _aSanté | ||
| 690 | _aSobriété | ||
| 690 | _aTransports | ||
| 786 | 0 | _nPhilosophie magazine | 88 | 4 | 2015-04-01 | p. 45-46 | 1951-1787 | |
| 856 | 4 | 1 | _uhttps://shs.cairn.info/magazine-philosophie-magazine-2015-4-page-45?lang=fr&redirect-ssocas=7080 |
| 999 |
_c1822884 _d1822884 |
||